Missing Word: 1998 Emmys Quiz Stats

 Plays Quiz not verified by Sporcle

Score 0/24 Timer 03:00
3 Plays Today
Show Word % Correct
Touched by an ____Angel
93.4%
NYPD ____Blue
92%
____ ImprovementHome
89.1%
The X-____Files
89%
Law & ____Order
88.7%
3rd Rock from the ____Sun
87.4%
The Tonight Show with Jay ____Leno
87.1%
____ Show with David LettermanLate
85.9%
Mad About ____You
85.8%
Spin ____City
84.3%
Dharma & ____Greg
84%
Dr. Quinn, Medicine ____Woman
83.4%
Show Word % Correct
Ally ____McBeal
82.8%
Moby ____Dick
81.4%
Politically ____Incorrect
78.4%
From the ____ to the MoonEarth
71.9%
The ____ Sanders ShowLarry
71.4%
Veronica's ____Closet
65.9%
____ HopeChicago
64.7%
Homicide: ____ on the StreetLife
64.4%
Dennis Miller ____Live
56.3%
More ____ of the CityTales
36.1%
____ Takes OnTracey
21.1%
____ WallaceGeorge
18.2%

You're not logged in!

Compare scores with friends on all Sporcle quizzes.
OR
Log In

You Might Also Like...

Show Comments

Extras

Top Quizzes Today


Score Distribution

Your Account Isn't Verified!

In order to create a playlist on Sporcle, you need to verify the email address you used during registration. Go to your Sporcle Settings to finish the process.

Report this User

Report this user for behavior that violates our Community Guidelines.

Details: